NS-gedankengut und strafrecht
Saved in:
| Main Author: | |
|---|---|
| Format: | Book |
| Language: | German |
| Published: |
Berlín
Duncker-Humbolt
2006
|
| Subjects: | |
| Tags: |
Add Tag
No Tags, Be the first to tag this record!
|
MARC
| LEADER | 00000nam a2200000 a 4500 | ||
|---|---|---|---|
| 001 | UCI2447 | ||
| 003 | CL-VaPUC | ||
| 008 | 070824e20060000GW |||||||||||||||||ger|d | ||
| 020 | |a 3861138727 | ||
| 082 | 0 | 4 | |a 320.533 |b DEW |2 21 |
| 100 | 0 | |a Dewitz, Clivia von |e author |9 523495 | |
| 245 | 1 | 0 | |a NS-gedankengut und strafrecht |
| 300 | |a 304 p | ||
| 942 | |c BK | ||
| 945 | |d 20070824 00:00:00 |a rbrito | ||
| 260 | |a Berlín |b Duncker-Humbolt |c 2006 | ||
| 650 | 0 | |a Nazismo |9 347078 | |
| 650 | 7 | |a NACIONALISMO |2 CL-VaPUC |9 523496 | |
| 650 | 0 | |a Doctrinas políticas |9 255835 | |
| 650 | 0 | |a Política |9 255312 | |
| 583 | |a last modification |c 20070824 00:00:00 |k Rodrigo Vera | ||
| 999 | |c 327021 |d 327019 | ||
| 952 | |0 0 |1 0 |4 0 |6 320_533000000000000_DEW_2006 |7 0 |8 A |9 409372 |a BIBDER |b BIBDER |d 2019-11-22 |i 432207K |o 320.533 DEW 2006 |p 432207K |r 2023-01-25 |w 2019-11-22 |y BK |k DER | ||